000 00622nam a2200217Ia 4500
003 IIN
005 20240125161547.0
008 231217s9999 xx 000 0 und d
020 _cRs.2220.00
_a9788131248898
040 _aIIN
_bEnglish
082 _a610.73
_bPOT
100 1 _aPotter, Patricia A.
245 1 _aPotter & Perry's Fundamentals of Nursing
_cPatricia A. Potter...[et al]
250 _a9th ed
_bAdap. edited by - Suresh K. Sharma
260 _bElsevier
_aNew Delhi
_c2017
300 _axxiii, 1322 p.
650 1 _aFoundation
650 1 _aFundamentals
700 1 _aSharma, Suresh K.
942 _cBOOK
999 _c678
_d678